Strzelcy na MŚ 1966 - Statystyki

Ogólne statystyki
  • Ten quiz został rozwiązany 5 razy
  • Średni wynik to 4 z 16
Statystyki odpowiedzi
Narodowość Klub # Nazwisko % Poprawnych
Portugalia S.L. Benfica 9 Eusébio
100%
Brazylia Corinthians/Santos/Botafogo/Cruzeiro 1 Garrincha/Pelé/Rildo/Tostão
40%
Hiszpania Real Madryt/FC Barcelona 1 Amancio/Josep Maria Fusté/Pirri/Manuel Sanchís
20%
Meksyk Pumas UNAM 1 Enrique Borja
20%
Węgry Újpest FC 4 Ferenc Bene
20%
Anglia West Ham United 4 Geoff Hurst
20%
Bułgaria Lewski Sofia 1 Georgi Asparuhov
20%
Francja Girondins de Bordeaux/RC Strasbourg 1 Héctor de Bourgoing/Gérard Hausser
20%
Niemcy (RFN) Bologna 6 Helmut Haller
20%
Urugwaj Peñarol 1 Julio César Cortés/Pedro Rocha
20%
Argentyna Independiente 3 Luis Artime
20%
Korea Północna Moranbong Sports Club 2 Pak Seung-zin
20%
Włochy AS Roma/Inter 1 Paolo Barison/Sandro Mazzola
20%
Szwajcaria FC Sion 1 René-Pierre Quentin
20%
Chile Universidad de Chile 2 Rubén Marcos
20%
ZSRR Dynamo Kijów 4 Valeriy Porkuyan
20%
Nie znaleziono quizów pasujących do podanych kryteriów
Rozkład punktacji
Procent ludzi z każdym wynikiem
Percentyl według liczby udzielonych odpowiedzi
Twoja historia wyników
Nie rozwiązałeś tego quizu